[Event "Robecchetto op-C 25th"]
[Site "Robecchetto"]
[Date "2014.12.26"]
[Round "1"]
[White "Mori, Claudio"]
[Black "Della Peruta, Lorenzo"]
[Result "0-1"]
[WhiteElo "1377"]
[BlackElo "1522"]
[PlyCount "76"]
[EventDate "2014.12.26"]
[EventType "swiss"]
[EventRounds "6"]
[EventCountry "ITA"]
[SourceTitle "EXT 2024"]
[Source "ChessBase"]
[SourceDate "2023.10.10"]
[SourceVersion "1"]
[SourceVersionDate "2023.10.10"]
[SourceQuality "1"]

1. Nf3 d5 2. d4 Nf6 3. e3 Bf5 4. Nc3 e6 5. Bb5+ Nbd7 6. Bd2 Bd6 7. 0-0 0-0 8. a3 c6 9. Be2 Qc7 10. Na2 Bg4 11. g3 Ne4 12. c4 Nxd2 13. Nxd2 Bxe2 14. Qxe2 e5 15. c5 Be7 16. b4 Rfe8 17. Nb3 exd4 18. Nxd4 Bf6 19. Rad1 Ne5 20. Nf5 Nc4 21. Rd3 a5 22. Nd6 Nxd6 23. cxd6 Qxd6 24. Qd2 Qc7 25. Rc1 Qe5 26. Rc2 axb4 27. Nxb4 Qa1+ 28. Rc1 Qb2 29. Rc2 Qe5 30. Kg2 Rac8 31. Rc5 Be7 32. Rc2 Bxb4 33. Qxb4 Qe4+ 34. Kg1 Qxd3 35. Rc3 Qb5 36. Qd4 Qb1+ 37. Kg2 Qe4+ 38. Kg1 Qxd4 0-1